000 00649nam a2200229 i 4500
001 17600
003 ES-MaACL
005 20230906151626.0
007 t|
008 010406s2000 sp ||||1| spa d
020 _a84-376-1849-5
080 _a821.411.21-14"19"
100 1 _aDarwix, Mahmud.
_942775
245 1 3 _aEl fénix mortal /
_cMahmud Darwix ; traducción y prólogo de Luz Gómez.
260 _aMadrid :
_bCátedra,
_c[2000]
300 _a110 p. ;
_c21 cm.
490 1 _aPoesía/Cátedra
700 1 _aGómez, Luz.
_957781
830 0 _aPoesía/Cátedra
_9183626
852 _aES-MaACL
_jL-24463
_bR.129611
999 _c17600
_d17600